000 00877nam a2200253 i 4500
003 DO-SdBNP
005 20260302121913.0
007 ta
008 260225b2025 dr a|||| |||| 00| 0 spa d
040 _aDO-SdBNP
_bspa
_cBNPHU
_erda
041 _aspa
082 4 _axxx
_bM868c
_222
100 1 _aMoron Reye, Jenny Carolina
_eautor
_4aut.
_989083
245 1 0 _aCondición social y jurídica de la mujer en la República Dominicana :
_cJenny Carolina Moron Reyes
264 _aSanto Domingo Este, República Dominicana :
_bMovimiento de Mujeres Dominico-Haitianas-MUDHA,
_c2025.
300 _a[16] páginas :
_bilustraciones ;
_c28 cm.
336 _atexto
_btxt
_2rdacontent
337 _asin mediación
_bn
_2rdamedia
338 _avolumen
_bnc
_2rdacarrier
504 _aBibliografías: páginas [13-14]
590 _aInventariado, 2026 /LP
910 _aLP
942 _2ddc
_cLF2
999 _c60389
_d60389